00590nam a2200133 a 4500008004100000050001800041245009900059260004100158300002100199350000900220995008400229999001700313952012600330120416s1970 ||||||||||||||||| || u aTP 159.C3 Cat00aCatalyst handbook with special reference to unit processes in ammonia and hydrogen manufacture aLondonbWolfe Scientific Booksc1970 aix, 231p. : ill. a0.00 D0.00FCBU-MAIN LIBRARY (Kitwe)H1I6.30UAVAILABLEZAnnex Low-Usage Collection  c36845d36845 00102lcc4070a001b001cAnnex Low-Usage Collection d2022-11-30l0oTP 159.C3 Catp016919r2022-11-30w2022-11-30y002